| 000 | 01652cam a22003615a 4500 | ||
|---|---|---|---|
| 001 | 015962878 | ||
| 003 | Uk | ||
| 005 | 20160724112838.0 | ||
| 008 | 111122s2011 ne a frb 001 0 eng d | ||
| 010 | _a2011293826 | ||
| 015 |
_aGBB269231 _2bnb |
||
| 016 | 7 | _a015962878 | |
| 020 | _a9041138056 | ||
| 020 | _a9789041138057 | ||
| 035 | _a(OCoLC)757484910 | ||
| 040 |
_aDLC _beng _cDLC _dEG-ScBUE |
||
| 042 | _aukblsr | ||
| 082 | 0 | 4 |
_a344.01 _bSER _222 |
| 100 |
_aServais, Jean-Michel‏. _940418 |
||
| 245 | 1 | 0 |
_aInternational labour law / _cJean-Michel Servais. |
| 250 | _a3rd rev. ed. | ||
| 260 |
_aAlphen aan den Rijin : _bKluwer Law International, _cc.2011. |
||
| 300 |
_a372 p. : _bill. ; _c24 cm. |
||
| 500 | _a"This book was originally published as a monograph in the International Encyclopedia of Laws/Labour law and industrial relations" -T.p. | ||
| 500 | _aIndex : p. 359-372. | ||
| 504 | _aBibliography : p. 51-64. | ||
| 505 | _aThe founding principles of ILO and their relevance today -- The social clause dilemma -- The constitutional framework -- The ILO Constitution -- The international labour conventions -- The other standard-setting instruments -- Conflicts between international labour standards -- Freedom of association and social dialogue -- Labour and employment -- Social security -- The supervision and promotion of ILO standards -- Implementation difficulties. | ||
| 610 | 2 | 7 |
_aInternational Labour Organisation _xHistory. _940419 |
| 610 | 2 | 7 |
_aInternational Labour Organization. _940420 |
| 650 | 7 |
_aLabor laws and legislation, International _2BUEsh _937619 |
|
| 651 | _2BUEsh | ||
| 942 |
_2ddc _e22 _k344.01 SER |
||
| 999 |
_c22015 _d21987 |
||